[Event "2nd Turkish League 2017"]
[Site "Konya"]
[Date "2017.07.22"]
[Round "8"]
[White "Guney, Gamze Nur"]
[Black "Bayrak, Asli"]
[Result "1-0"]
[WhiteElo "1776"]
[BlackElo "2056"]
[Annotator "NA"]
[PlyCount "115"]
[EventType "team-tourn"]
[EventCountry "TUR"]
[SourceTitle "playchess.com"]
[Source "ChessBase"]
[SourceQuality "1"]
[TimeControl "5400+30"]

1. d4 {[%emt 0:00:30]} d5 {[%emt 0:01:00]} 2. c4 {[%emt 0:00:00]} c6 {[%emt 0:00:30]} 3. Nf3 {[%emt 0:00:00]} Nf6 {[%emt 0:00:00]} 4. cxd5 {[%emt 0:01:30]} cxd5 {[%emt 0:00:00]} 5. Nc3 {[%emt 0:00:30]} Nc6 {[%emt 0:00:30]} 6. a3 {[%emt 0:01:30]} e6 {[%emt 0:07:30]} 7. Bg5 {[%emt 0:05:30]} Be7 {[%emt 0:04:30]} 8. e3 {[%emt 0:01:30]} Bd7 {[%emt 0:15:30]} 9. Bd3 {[%emt 0:01:30]} Rc8 {[%emt 0:00:30]} 10. h3 {[%emt 0:02:30]} Na5 {[%emt 0:06:30]} 11. O-O {[%emt 0:01:30]} Nc4 {[%emt 0:03:30]} 12. Qe2 {[%emt 0:01:30]} b5 {[%emt 0:06:30]} 13. Rfc1 {[%emt 0:01:30]} a6 {[%emt 0:03:30]} 14. Bxf6 {[%emt 0:18:30]} Bxf6 {[%emt 0:01:30]} 15. e4 {[%emt 0:02:30]} dxe4 {[%emt 0:07:30]} 16. Nxe4 {[%emt 0:00:30]} O-O {[%emt 0:00:30]} 17. Nxf6+ {[%emt 0:07:30]} Qxf6 {[%emt 0:00:30]} 18. Bxc4 {[%emt 0:01:30]} bxc4 {[%emt 0:02:30]} 19. Ne5 {[%emt 0:01:30]} Rfd8 {[%emt 0:01:30]} 20. a4 {[%emt 0:03:30]} Qf4 {[%emt 0:09:30]} 21. Rxc4 {[%emt 0:14:30]} Rxc4 {[%emt 0:03:30]} 22. Qxc4 {[%emt 0:02:30]} Rc8 {[%emt 0:08:35]} 23. Qxa6 {[%emt 0:00:30]} Qxd4 {[%emt 0:02:27]} 24. Nxd7 {[%emt 0:05:30]} Qxd7 {[%emt 0:00:02]} 25. Qe2 {[%emt 0:00:30]} h6 {[%emt 0:07:14]} 26. a5 {[%emt 0:01:30]} Qd4 {[%emt 0:01:15]} 27. a6 {[%emt 0:05:24]} Rc7 {[%emt 0:00:04]} 28. Rd1 {[%emt 0:01:48]} Qb6 {[%emt 0:01:09]} 29. Qd3 {[%emt 0:00:50]} Rc8 {[%emt 0:03:23]} 30. b3 {[%emt 0:02:32]} Ra8 {[%emt 0:00:18]} 31. Ra1 {[%emt 0:00:40]} Kf8 {[%emt 0:01:55]} 32. Qc4 {[%emt 0:02:38]} Ra7 {[%emt 0:01:50]} 33. Ra4 {[%emt 0:01:09]} Ke7 {[%emt 0:00:44]} 34. Qh4+ {[%emt 0:01:17]} f6 {[%emt 0:00:15]} 35. Qc4 {[%emt 0:01:14]} e5 {[%emt 0:00:29]} 36. b4 {[%emt 0:02:32]} Rc7 {[%emt 0:00:30]} 37. Qg4 {[%emt 0:01:13]} Rc1+ {[%emt 0:00:21]} 38. Kh2 {[%emt 0:00:00]} Qxf2 {[%emt 0:00:26]} 39. Qxg7+ {[%emt 0:02:26]} Ke6 {[%emt 0:00:19]} 40. Qg8+ {[%emt 0:02:24]} Ke7 {[%emt 0:00:04]} 41. Qg7+ {[%emt 0:01:25]} Ke6 {[%emt 0:00:01]} 42. Qg4+ {[%emt 0:00:29]} Ke7 {[%emt 0:00:02]} 43. Qe4 {[%emt 0:00:43]} Qg1+ {[%emt 0:02:11]} 44. Kg3 {[%emt 0:00:30]} Rc3+ {[%emt 0:00:00]} 45. Kh4 {[%emt 0:00:01]} Qf2+ {[%emt 0:00:49]} 46. Kh5 {[%emt 0:01:04]} Rc4 {[%emt 0:01:02]} 47. Qh7+ {[%emt 0:01:24]} Kd6 {[%emt 0:00:26]} 48. g4 {[%emt 0:00:52]} Qe3 {[%emt 0:00:33]} 49. h4 {[%emt 0:00:53]} Qf4 {[%emt 0:00:57]} 50. Qf5 {[%emt 0:00:46]} Qg3 {[%emt 0:00:33]} 51. Qxf6+ {[%emt 0:00:35]} Kd5 {[%emt 0:00:19]} 52. Ra5+ {[%emt 0:00:00]} Kd4 {[%emt 0:00:44]} 53. Qd6+ {[%emt 0:00:10]} Ke4 {[%emt 0:00:04]} 54. Qg6+ {[%emt 0:00:41]} Kf3 {[%emt 0:00:20]} 55. Qd3+ {[%emt 0:00:12]} Kg2 {[%emt 0:00:09]} 56. Qxg3+ {[%emt 0:00:20]} Kxg3 {[%emt 0:00:30]} 57. Ra3+ {[%emt 0:00:00]} Kf4 {[%emt 0:00:04]} 58. a7 {[%emt 0:00:00]} 1-0

[Event "2nd Turkish League 2017"]
[Site "Konya"]
[Date "2017.07.22"]
[Round "8"]
[White "Simsek, Meltem"]
[Black "Boy, Melike"]
[Result "1-0"]
[WhiteElo "1752"]
[BlackElo "1265"]
[Annotator "NA"]
[PlyCount "71"]
[EventType "team-tourn"]
[EventCountry "TUR"]
[SourceTitle "playchess.com"]
[Source "ChessBase"]
[SourceQuality "1"]
[TimeControl "5400+30"]

1. c4 {[%emt 0:00:30]} Nf6 {[%emt 0:01:00]} 2. Nc3 {[%emt 0:00:30]} g6 {[%emt 0:00:30]} 3. g3 {[%emt 0:00:30]} Bg7 {[%emt 0:00:00]} 4. Bg2 {[%emt 0:00:00]} O-O {[%emt 0:00:00]} 5. e3 {[%emt 0:00:00]} d6 {[%emt 0:00:30]} 6. Nge2 {[%emt 0:00:00]} Nbd7 {[%emt 0:01:30]} 7. O-O {[%emt 0:00:00]} c6 {[%emt 0:00:30]} 8. Rb1 {[%emt 0:00:00]} Qc7 {[%emt 0:01:30]} 9. b3 {[%emt 0:02:00]} Re8 {[%emt 0:02:30]} 10. d4 {[%emt 0:08:30]} e5 {[%emt 0:06:30]} 11. Bb2 {[%emt 0:02:30]} Kh8 {[%emt 0:21:30]} 12. h3 {[%emt 0:12:30]} Ng8 {[%emt 0:01:30]} 13. dxe5 {[%emt 0:04:30]} dxe5 {[%emt 0:01:30]} 14. Ne4 {[%emt 0:02:30]} Bf8 {[%emt 0:10:30]} 15. Qd2 {[%emt 0:13:30]} Nc5 {[%emt 0:05:30]} 16. Nxc5 {[%emt 0:01:30]} Bxc5 {[%emt 0:01:30]} 17. b4 {[%emt 0:00:00]} Bf8 {[%emt 0:01:30]} 18. f4 {[%emt 0:00:00]} Bg7 {[%emt 0:00:30]} 19. fxe5 {[%emt 0:09:30]} Bxe5 {[%emt 0:03:30]} 20. Bxe5+ {[%emt 0:00:00]} Qxe5 {[%emt 0:06:30]} 21. Qd4 {[%emt 0:03:00]} Qxd4 {[%emt 0:03:30]} 22. Nxd4 {[%emt 0:00:00]} Rxe3 {[%emt 0:00:30]} 23. Rxf7 {[%emt 0:00:00]} Rxg3 {[%emt 0:01:30]} 24. Nf3 {[%emt 0:03:30]} Bxh3 {[%emt 0:01:30]} 25. Kh2 {[%emt 0:00:00]} Be6 {[%emt 0:00:30]} 26. Rxb7 {[%emt 0:01:00]} Rg4 {[%emt 0:04:30]} 27. Bh3 {[%emt 0:00:30]} Re4 {[%emt 0:01:30]} 28. Ng5 {[%emt 0:00:30]} Re2+ {[%emt 0:01:30]} 29. Kg3 {[%emt 0:00:30]} Nf6 {[%emt 0:00:30]} 30. Bxe6 {[%emt 0:01:30]} Ne4+ {[%emt 0:02:27]} 31. Nxe4 {[%emt 0:04:30]} Rxe4 {[%emt 0:00:08]} 32. Bf7 {[%emt 0:01:30]} h5 {[%emt 0:02:38]} 33. Rd1 {[%emt 0:00:30]} Rf8 {[%emt 0:03:28]} 34. Rdd7 {[%emt 0:02:30]} Rg4+ {[%emt 0:00:51]} 35. Kf3 {[%emt 0:04:30]} g5 {[%emt 0:02:13]} 36. Ke3 {[%emt 0:00:30]} 1-0

[Event "2nd Turkish League 2017"]
[Site "Konya"]
[Date "2017.07.22"]
[Round "8"]
[White "Koc, Serkan"]
[Black "Yasin, Hur"]
[Result "0-1"]
[WhiteElo "1719"]
[BlackElo "2022"]
[Annotator "NA"]
[PlyCount "26"]
[EventType "team-tourn"]
[EventCountry "TUR"]
[SourceTitle "playchess.com"]
[Source "ChessBase"]
[SourceQuality "1"]
[TimeControl "5400+30"]

1. e4 {[%emt 0:00:30]} c5 {[%emt 0:01:00]} 2. Nf3 {[%emt 0:00:00]} g6 {[%emt 0:00:30]} 3. c3 {[%emt 0:05:00]} d5 {[%emt 0:03:30]} 4. exd5 {[%emt 0:00:30]} Qxd5 {[%emt 0:00:30]} 5. Na3 {[%emt 0:08:30]} Bg7 {[%emt 0:00:30]} 6. Bc4 {[%emt 0:00:30]} Qe4+ {[%emt 0:07:30]} 7. Be2 {[%emt 0:04:30]} a6 {[%emt 0:03:30]} 8. O-O {[%emt 0:05:30]} b5 {[%emt 0:09:30]} 9. Re1 {[%emt 0:02:30]} Qc6 {[%emt 0:01:30]} 10. d4 {[%emt 0:05:30]} Bb7 {[%emt 0:00:30]} 11. dxc5 {[%emt 0:02:30]} Nd7 {[%emt 0:00:30]} 12. b4 {[%emt 0:00:30]} Bxc3 {[%emt 0:02:30]} 13. Nd4 {[%emt 0:03:30]} Qxg2# {[%emt 0:00:30]} 0-1

[Event "2nd Turkish League 2017"]
[Site "Konya"]
[Date "2017.07.22"]
[Round "8"]
[White "Koc, Dogan Mehmet"]
[Black "Acar, Utku Cengiz"]
[Result "1-0"]
[WhiteElo "1712"]
[BlackElo "1863"]
[Annotator "NA"]
[PlyCount "137"]
[EventType "team-tourn"]
[EventCountry "TUR"]
[SourceTitle "playchess.com"]
[Source "ChessBase"]
[SourceQuality "1"]
[TimeControl "5400+30"]

1. d4 {[%emt 0:00:30]} Nf6 {[%emt 0:01:00]} 2. c4 {[%emt 0:00:30]} g6 {[%emt 0:00:30]} 3. Nc3 {[%emt 0:00:30]} Bg7 {[%emt 0:00:30]} 4. e4 {[%emt 0:00:00]} d6 {[%emt 0:00:30]} 5. f3 {[%emt 0:01:00]} O-O {[%emt 0:07:30]} 6. Be3 {[%emt 0:01:30]} e5 {[%emt 0:03:30]} 7. d5 {[%emt 0:00:30]} c6 {[%emt 0:02:30]} 8. Bd3 {[%emt 0:04:30]} Nfd7 {[%emt 0:06:30]} 9. g4 {[%emt 0:05:30]} Bh6 {[%emt 0:10:30]} 10. Bf2 {[%emt 0:10:30]} Nc5 {[%emt 0:10:30]} 11. h4 {[%emt 0:10:30]} Qb6 {[%emt 0:06:30]} 12. Rb1 {[%emt 0:10:30]} a5 {[%emt 0:06:30]} 13. h5 {[%emt 0:06:30]} Bf4 {[%emt 0:12:30]} 14. Nge2 {[%emt 0:05:30]} Nbd7 {[%emt 0:02:30]} 15. Bh4 {[%emt 0:09:30]} f6 {[%emt 0:08:16]} 16. hxg6 {[%emt 0:05:30]} hxg6 {[%emt 0:00:07]} 17. Bf2 {[%emt 0:08:42]} Kg7 {[%emt 0:03:58]} 18. Kf1 {[%emt 0:02:49]} Qd8 {[%emt 0:05:36]} 19. Kg2 {[%emt 0:02:39]} Rh8 {[%emt 0:02:21]} 20. Qc2 {[%emt 0:00:42]} Rxh1 {[%emt 0:01:52]} 21. Rxh1 {[%emt 0:00:07]} Bg5 {[%emt 0:01:03]} 22. Qd1 {[%emt 0:02:36]} Nf8 {[%emt 0:02:13]} 23. Ng3 {[%emt 0:02:37]} Nh7 {[%emt 0:01:10]} 24. Bc2 {[%emt 0:00:52]} Qf8 {[%emt 0:02:26]} 25. Qg1 {[%emt 0:03:58]} Bd7 {[%emt 0:00:36]} 26. Bxc5 {[%emt 0:02:25]} dxc5 {[%emt 0:00:04]} 27. Na4 {[%emt 0:00:13]} cxd5 {[%emt 0:02:10]} 28. Nxc5 {[%emt 0:01:43]} dxe4 {[%emt 0:00:33]} 29. Ngxe4 {[%emt 0:00:49]} Rd8 {[%emt 0:00:24]} 30. Qh2 {[%emt 0:00:48]} Qg8 {[%emt 0:00:00]} 31. Bb3 {[%emt 0:00:43]} Bf4 {[%emt 0:01:05]} 32. Qxh7+ {[%emt 0:00:52]} Qxh7 {[%emt 0:00:30]} 33. Rxh7+ {[%emt 0:00:30]} Kxh7 {[%emt 0:00:30]} 34. Nxf6+ {[%emt 0:00:00]} Kg7 {[%emt 0:00:00]} 35. Nfxd7 {[%emt 0:00:28]} Kf7 {[%emt 0:00:00]} 36. Ba4 {[%emt 0:00:42]} Ke7 {[%emt 0:00:26]} 37. Nxb7 {[%emt 0:00:26]} Rh8 {[%emt 0:00:52]} 38. Nxa5 {[%emt 0:00:35]} Rh2+ {[%emt 0:00:06]} 39. Kf1 {[%emt 0:00:23]} Rxb2 {[%emt 0:00:00]} 40. Nc5 {[%emt 0:00:23]} Rxa2 {[%emt 0:00:53]} 41. Nc6+ {[%emt 0:00:22]} Kd6 {[%emt 0:00:41]} 42. Ne4+ {[%emt 0:00:37]} Kc7 {[%emt 0:00:17]} 43. Bb5 {[%emt 0:00:13]} Kb6 {[%emt 0:00:15]} 44. Ne7 {[%emt 0:00:00]} Ra3 {[%emt 0:01:38]} 45. Nd5+ {[%emt 0:01:04]} Ka5 {[%emt 0:00:18]} 46. Nec3 {[%emt 0:00:46]} Rb3 {[%emt 0:00:40]} 47. Ke2 {[%emt 0:00:47]} Rb2+ {[%emt 0:00:07]} 48. Kd1 {[%emt 0:00:10]} Rd2+ {[%emt 0:00:42]} 49. Ke1 {[%emt 0:00:09]} Rd3 {[%emt 0:00:31]} 50. Nxf4 {[%emt 0:01:04]} exf4 {[%emt 0:00:26]} 51. Ne4 {[%emt 0:00:39]} Rxf3 {[%emt 0:00:40]} 52. Nf6 {[%emt 0:00:10]} Kb4 {[%emt 0:00:33]} 53. Ke2 {[%emt 0:00:47]} Re3+ {[%emt 0:00:30]} 54. Kf2 {[%emt 0:00:00]} Kc5 {[%emt 0:00:00]} 55. Kg2 {[%emt 0:00:54]} g5 {[%emt 0:00:02]} 56. Kf2 {[%emt 0:00:09]} Ra3 {[%emt 0:00:47]} 57. Ne4+ {[%emt 0:00:15]} Kb6 {[%emt 0:00:40]} 58. Nxg5 {[%emt 0:00:40]} Rg3 {[%emt 0:00:06]} 59. Bd7 {[%emt 0:00:00]} Kc7 {[%emt 0:01:01]} 60. Be6 {[%emt 0:00:21]} Re3 {[%emt 0:00:00]} 61. Bd5 {[%emt 0:00:48]} Kd6 {[%emt 0:00:13]} 62. Ne4+ {[%emt 0:00:51]} Ke5 {[%emt 0:00:18]} 63. Nd2 {[%emt 0:01:00]} Rg3 {[%emt 0:00:33]} 64. Nf3+ {[%emt 0:00:45]} Kd6 {[%emt 0:00:20]} 65. g5 {[%emt 0:00:00]} Kc5 {[%emt 0:00:34]} 66. Ke2 {[%emt 0:00:08]} Rh3 {[%emt 0:01:27]} 67. Kd3 {[%emt 0:00:10]} Rh8 {[%emt 0:00:18]} 68. Ke4 {[%emt 0:00:30]} Rf8 {[%emt 0:00:00]} 69. g6 {[%emt 0:00:12]} 1-0

[Event "2nd Turkish League 2017"]
[Site "Konya"]
[Date "2017.07.22"]
[Round "8"]
[White "Kahya, Gizem"]
[Black "Keskin, Suara"]
[Result "1-0"]
[WhiteElo "1634"]
[BlackElo "1716"]
[Annotator "NA"]
[PlyCount "77"]
[EventType "team-tourn"]
[EventCountry "TUR"]
[SourceTitle "playchess.com"]
[Source "ChessBase"]
[SourceQuality "1"]
[TimeControl "5400+30"]

1. Nf3 {[%emt 0:00:30]} Nf6 {[%emt 0:01:00]} 2. g3 {[%emt 0:00:30]} g6 {[%emt 0:03:30]} 3. c4 {[%emt 0:01:30]} Bg7 {[%emt 0:00:30]} 4. Bg2 {[%emt 0:01:30]} O-O {[%emt 0:01:30]} 5. Nc3 {[%emt 0:00:00]} d6 {[%emt 0:01:30]} 6. O-O {[%emt 0:01:00]} e5 {[%emt 0:00:00]} 7. d3 {[%emt 0:00:30]} c6 {[%emt 0:00:00]} 8. Rb1 {[%emt 0:04:30]} Qe7 {[%emt 0:03:30]} 9. Qc2 {[%emt 0:11:30]} h6 {[%emt 0:08:30]} 10. b4 {[%emt 0:03:30]} d5 {[%emt 0:18:30]} 11. cxd5 {[%emt 0:11:30]} Nxd5 {[%emt 0:02:30]} 12. Nxd5 {[%emt 0:05:30]} cxd5 {[%emt 0:00:00]} 13. e4 {[%emt 0:01:30]} dxe4 {[%emt 0:01:00]} 14. dxe4 {[%emt 0:00:00]} Be6 {[%emt 0:00:30]} 15. Be3 {[%emt 0:05:00]} Rc8 {[%emt 0:02:30]} 16. Qb2 {[%emt 0:02:30]} Nd7 {[%emt 0:02:30]} 17. Rbc1 {[%emt 0:03:30]} Bc4 {[%emt 0:00:30]} 18. Rfd1 {[%emt 0:01:30]} Nb6 {[%emt 0:20:30]} 19. Bxb6 {[%emt 0:10:30]} axb6 {[%emt 0:00:30]} 20. a3 {[%emt 0:00:30]} Rc6 {[%emt 0:08:30]} 21. Rc3 {[%emt 0:10:30]} Rac8 {[%emt 0:02:30]} 22. Rdc1 {[%emt 0:01:30]} Qd7 {[%emt 0:01:30]} 23. Nd2 {[%emt 0:02:30]} Be6 {[%emt 0:07:51]} 24. Rxc6 {[%emt 0:02:55]} bxc6 {[%emt 0:00:05]} 25. Nc4 {[%emt 0:02:23]} Qc7 {[%emt 0:00:05]} 26. Ne3 {[%emt 0:03:00]} Qa7 {[%emt 0:05:10]} 27. Bf1 {[%emt 0:06:37]} Bd7 {[%emt 0:04:02]} 28. Bc4 {[%emt 0:04:29]} Be8 {[%emt 0:00:06]} 29. b5 {[%emt 0:00:13]} cxb5 {[%emt 0:00:12]} 30. Bxf7+ {[%emt 0:00:36]} Bxf7 {[%emt 0:00:51]} 31. Rxc8+ {[%emt 0:00:08]} Kh7 {[%emt 0:00:00]} 32. Nd5 {[%emt 0:02:29]} Bxd5 {[%emt 0:02:20]} 33. exd5 {[%emt 0:00:03]} Qd7 {[%emt 0:00:29]} 34. Qc2 {[%emt 0:00:42]} Qxd5 {[%emt 0:00:52]} 35. Rc6 {[%emt 0:00:51]} e4 {[%emt 0:00:45]} 36. Rxb6 {[%emt 0:00:53]} Qd4 {[%emt 0:00:22]} 37. Re6 {[%emt 0:01:01]} Qa1+ {[%emt 0:01:28]} 38. Kg2 {[%emt 0:00:08]} Qxa3 {[%emt 0:00:21]} 39. Qxe4 {[%emt 0:00:10]} 1-0

[Event "2nd Turkish League 2017"]
[Site "Konya"]
[Date "2017.07.22"]
[Round "8"]
[White "Ilkbahar, Nimet Seray"]
[Black "Hafizoglu, Bengi"]
[Result "1/2-1/2"]
[WhiteElo "1618"]
[BlackElo "1415"]
[Annotator "NA"]
[PlyCount "73"]
[EventType "team-tourn"]
[EventCountry "TUR"]
[SourceTitle "playchess.com"]
[Source "ChessBase"]
[SourceQuality "1"]
[TimeControl "5400+30"]

1. e4 {[%emt 0:00:30]} c5 {[%emt 0:01:00]} 2. c3 {[%emt 0:00:00]} Nf6 {[%emt 0:00:30]} 3. e5 {[%emt 0:00:00]} Nd5 {[%emt 0:00:00]} 4. Nf3 {[%emt 0:00:30]} Nc6 {[%emt 0:01:00]} 5. d4 {[%emt 0:00:30]} cxd4 {[%emt 0:01:30]} 6. cxd4 {[%emt 0:00:30]} d6 {[%emt 0:04:30]} 7. Bc4 {[%emt 0:00:00]} Nb6 {[%emt 0:00:30]} 8. Bb5 {[%emt 0:00:00]} d5 {[%emt 0:01:30]} 9. h3 {[%emt 0:05:30]} Bf5 {[%emt 0:04:30]} 10. Nc3 {[%emt 0:03:30]} e6 {[%emt 0:01:30]} 11. O-O {[%emt 0:08:30]} Be7 {[%emt 0:01:30]} 12. Bd3 {[%emt 0:02:30]} Bxd3 {[%emt 0:00:30]} 13. Qxd3 {[%emt 0:00:00]} O-O {[%emt 0:01:30]} 14. a3 {[%emt 0:14:00]} Na5 {[%emt 0:05:30]} 15. Nd2 {[%emt 0:06:30]} Nbc4 {[%emt 0:02:30]} 16. b4 {[%emt 0:08:30]} Nxd2 {[%emt 0:01:30]} 17. Bxd2 {[%emt 0:00:30]} Nb3 {[%emt 0:10:30]} 18. Rab1 {[%emt 0:00:30]} Nxd2 {[%emt 0:00:30]} 19. Qxd2 {[%emt 0:00:30]} Rc8 {[%emt 0:00:00]} 20. Rbc1 {[%emt 0:03:30]} Qd7 {[%emt 0:05:00]} 21. Rc2 {[%emt 0:05:30]} Rc4 {[%emt 0:01:30]} 22. Rfc1 {[%emt 0:04:30]} Rfc8 {[%emt 0:01:30]} 23. Nd1 {[%emt 0:03:30]} Qa4 {[%emt 0:15:30]} 24. Ne3 {[%emt 0:05:30]} Rxc2 {[%emt 0:04:30]} 25. Rxc2 {[%emt 0:00:30]} Rxc2 {[%emt 0:01:30]} 26. Nxc2 {[%emt 0:01:30]} Qb3 {[%emt 0:01:30]} 27. g3 {[%emt 0:07:23]} h6 {[%emt 0:05:30]} 28. Kg2 {[%emt 0:02:03]} Bd8 {[%emt 0:02:30]} 29. h4 {[%emt 0:04:05]} Bb6 {[%emt 0:01:30]} 30. Kg1 {[%emt 0:02:56]} Qb1+ {[%emt 0:04:54]} 31. Kg2 {[%emt 0:00:13]} Qb3 {[%emt 0:00:51]} 32. Kg1 {[%emt 0:00:14]} Qb2 {[%emt 0:02:13]} 33. Qd1 {[%emt 0:06:23]} Kf8 {[%emt 0:06:56]} 34. Kf1 {[%emt 0:01:49]} Qc3 {[%emt 0:05:37]} 35. Ke2 {[%emt 0:01:23]} Ke7 {[%emt 0:02:25]} 36. Qd3 {[%emt 0:01:25]} Qxd3+ {[%emt 0:00:30]} 37. Kxd3 {[%emt 0:00:00]} 1/2-1/2

[Event "2nd Turkish League 2017"]
[Site "Konya"]
[Date "2017.07.22"]
[Round "8"]
[White "Catal, Uktenur"]
[Black "Baloglu, Dila"]
[Result "1-0"]
[WhiteElo "1613"]
[BlackElo "1379"]
[Annotator "NA"]
[PlyCount "92"]
[EventType "team-tourn"]
[EventCountry "TUR"]
[SourceTitle "playchess.com"]
[Source "ChessBase"]
[SourceQuality "1"]
[TimeControl "5400+30"]

1. d4 {[%emt 0:00:30]} g6 {[%emt 0:01:00]} 2. Nf3 {[%emt 0:00:30]} Bg7 {[%emt 0:00:00]} 3. Bf4 {[%emt 0:00:00]} d6 {[%emt 0:00:00]} 4. e3 {[%emt 0:00:00]} Nf6 {[%emt 0:00:00]} 5. h3 {[%emt 0:00:00]} Nbd7 {[%emt 0:02:00]} 6. Be2 {[%emt 0:00:00]} c5 {[%emt 0:02:30]} 7. c3 {[%emt 0:00:30]} b6 {[%emt 0:04:30]} 8. O-O {[%emt 0:00:30]} O-O {[%emt 0:00:30]} 9. a4 {[%emt 0:00:30]} a6 {[%emt 0:03:30]} 10. Nbd2 {[%emt 0:01:30]} Bb7 {[%emt 0:01:30]} 11. Qb3 {[%emt 0:00:30]} Re8 {[%emt 0:08:30]} 12. Rfd1 {[%emt 0:02:30]} Qc7 {[%emt 0:04:30]} 13. Bh2 {[%emt 0:05:30]} Rac8 {[%emt 0:04:30]} 14. Rac1 {[%emt 0:06:30]} Qb8 {[%emt 0:13:30]} 15. Bc4 {[%emt 0:03:30]} e6 {[%emt 0:03:30]} 16. Re1 {[%emt 0:10:30]} Bh6 {[%emt 0:08:30]} 17. Rcd1 {[%emt 0:05:30]} Bf8 {[%emt 0:07:30]} 18. Bd3 {[%emt 0:08:30]} Qa8 {[%emt 0:08:30]} 19. e4 {[%emt 0:07:30]} cxd4 {[%emt 0:03:30]} 20. cxd4 {[%emt 0:00:30]} d5 {[%emt 0:01:30]} 21. e5 {[%emt 0:05:30]} Ne4 {[%emt 0:01:30]} 22. Nf1 {[%emt 0:00:30]} Rc7 {[%emt 0:01:18]} 23. Bf4 {[%emt 0:05:30]} Rec8 {[%emt 0:05:56]} 24. N3h2 {[%emt 0:04:30]} Be7 {[%emt 0:01:32]} 25. f3 {[%emt 0:00:30]} h5 {[%emt 0:05:24]} 26. fxe4 {[%emt 0:01:30]} dxe4 {[%emt 0:00:01]} 27. Bb1 {[%emt 0:01:30]} Bd5 {[%emt 0:01:47]} 28. Qg3 {[%emt 0:02:30]} h4 {[%emt 0:03:01]} 29. Qg4 {[%emt 0:00:30]} Bb4 {[%emt 0:00:44]} 30. Bd2 {[%emt 0:01:30]} Bxd2 {[%emt 0:03:19]} 31. Nxd2 {[%emt 0:00:30]} e3 {[%emt 0:01:15]} 32. Rxe3 {[%emt 0:00:30]} Rc1 {[%emt 0:00:20]} 33. Ree1 {[%emt 0:00:30]} Rxd1 {[%emt 0:00:36]} 34. Rxd1 {[%emt 0:00:30]} Qc6 {[%emt 0:00:13]} 35. Rf1 {[%emt 0:10:43]} Kg7 {[%emt 0:00:55]} 36. Nhf3 {[%emt 0:01:29]} Qxa4 {[%emt 0:00:32]} 37. Qxh4 {[%emt 0:01:38]} Rh8 {[%emt 0:00:32]} 38. Qf4 {[%emt 0:01:02]} Rf8 {[%emt 0:00:32]} 39. Qg4 {[%emt 0:01:14]} Qb4 {[%emt 0:00:26]} 40. Be4 {[%emt 0:08:29]} Qe7 {[%emt 0:00:27]} 41. Bxd5 {[%emt 0:00:58]} exd5 {[%emt 0:00:01]} 42. h4 {[%emt 0:00:17]} a5 {[%emt 0:01:01]} 43. Rc1 {[%emt 0:00:27]} Qd8 {[%emt 0:00:30]} 44. h5 {[%emt 0:00:14]} Rh8 {[%emt 0:00:30]} 45. hxg6 {[%emt 0:00:30]} fxg6 {[%emt 0:00:08]} 46. Ng5 {[%emt 0:00:31]} Kf8 {[%emt 0:00:55]} 1-0

[Event "2nd Turkish League 2017"]
[Site "Konya"]
[Date "2017.07.22"]
[Round "8"]
[White "Alparslan, Melisa Nur"]
[Black "Bolu, Yagmur"]
[Result "0-1"]
[WhiteElo "1443"]
[BlackElo "1464"]
[Annotator "NA"]
[PlyCount "132"]
[EventType "team-tourn"]
[EventCountry "TUR"]
[SourceTitle "playchess.com"]
[Source "ChessBase"]
[SourceQuality "1"]
[TimeControl "5400+30"]

1. e4 {[%emt 0:00:30]} g6 {[%emt 0:01:00]} 2. d4 {[%emt 0:00:30]} Bg7 {[%emt 0:00:00]} 3. Nf3 {[%emt 0:00:30]} d6 {[%emt 0:00:00]} 4. h3 {[%emt 0:00:30]} Nf6 {[%emt 0:00:30]} 5. Bd3 {[%emt 0:01:30]} O-O {[%emt 0:01:30]} 6. Be3 {[%emt 0:01:30]} c6 {[%emt 0:00:30]} 7. O-O {[%emt 0:01:30]} Qc7 {[%emt 0:01:30]} 8. Nbd2 {[%emt 0:03:30]} Nbd7 {[%emt 0:01:30]} 9. Re1 {[%emt 0:03:30]} Re8 {[%emt 0:01:30]} 10. Nf1 {[%emt 0:05:30]} b5 {[%emt 0:04:30]} 11. Ng3 {[%emt 0:02:30]} Bb7 {[%emt 0:01:30]} 12. Rc1 {[%emt 0:05:30]} a6 {[%emt 0:09:30]} 13. c3 {[%emt 0:05:30]} e5 {[%emt 0:02:30]} 14. Qd2 {[%emt 0:08:30]} Rad8 {[%emt 0:08:30]} 15. Bh6 {[%emt 0:05:30]} d5 {[%emt 0:05:30]} 16. exd5 {[%emt 0:04:30]} Nxd5 {[%emt 0:01:30]} 17. Bxg7 {[%emt 0:04:30]} Kxg7 {[%emt 0:00:30]} 18. dxe5 {[%emt 0:00:30]} Nxe5 {[%emt 0:01:30]} 19. Nxe5 {[%emt 0:00:30]} Rxe5 {[%emt 0:00:30]} 20. Rxe5 {[%emt 0:00:00]} Qxe5 {[%emt 0:00:30]} 21. Re1 {[%emt 0:00:00]} Qc7 {[%emt 0:01:30]} 22. Bc2 {[%emt 0:19:30]} Nf4 {[%emt 0:04:30]} 23. Qe3 {[%emt 0:04:30]} c5 {[%emt 0:02:30]} 24. f3 {[%emt 0:05:44]} Nxh3+ {[%emt 0:07:30]} 25. Kh2 {[%emt 0:01:14]} Nf4 {[%emt 0:00:30]} 26. Qf2 {[%emt 0:01:08]} Nh5 {[%emt 0:05:30]} 27. Re3 {[%emt 0:02:27]} Qxg3+ {[%emt 0:02:30]} 28. Qxg3 {[%emt 0:00:34]} Nxg3 {[%emt 0:00:00]} 29. Kxg3 {[%emt 0:00:00]} Rd2 {[%emt 0:00:00]} 30. Bd3 {[%emt 0:01:55]} c4 {[%emt 0:02:30]} 31. Bf1 {[%emt 0:03:13]} Rxb2 {[%emt 0:01:30]} 32. Re2 {[%emt 0:00:08]} Rb1 {[%emt 0:00:30]} 33. Rf2 {[%emt 0:01:32]} Rc1 {[%emt 0:00:30]} 34. Kf4 {[%emt 0:00:58]} Rxc3 {[%emt 0:00:30]} 35. Ke5 {[%emt 0:00:06]} Re3+ {[%emt 0:01:30]} 36. Kd4 {[%emt 0:00:23]} Re6 {[%emt 0:00:30]} 37. g3 {[%emt 0:02:53]} Rf6 {[%emt 0:05:30]} 38. Bg2 {[%emt 0:01:12]} Rd6+ {[%emt 0:00:30]} 39. Kc3 {[%emt 0:00:35]} Rd3+ {[%emt 0:01:30]} 40. Kc2 {[%emt 0:00:10]} a5 {[%emt 0:01:30]} 41. f4 {[%emt 0:03:01]} Bxg2 {[%emt 0:01:30]} 42. Rxg2 {[%emt 0:00:07]} b4 {[%emt 0:00:30]} 43. g4 {[%emt 0:01:08]} Rf3 {[%emt 0:01:30]} 44. f5 {[%emt 0:00:38]} gxf5 {[%emt 0:01:30]} 45. gxf5+ {[%emt 0:00:06]} Kf6 {[%emt 0:00:00]} 46. Rh2 {[%emt 0:00:52]} Rxf5 {[%emt 0:01:00]} 47. Rxh7 {[%emt 0:00:14]} Rf2+ {[%emt 0:01:30]} 48. Kb1 {[%emt 0:00:08]} Kg6 {[%emt 0:00:00]} 49. Rh4 {[%emt 0:00:18]} c3 {[%emt 0:01:00]} 50. Rc4 {[%emt 0:00:26]} Rb2+ {[%emt 0:00:30]} 51. Ka1 {[%emt 0:00:34]} Rg2 {[%emt 0:05:03]} 52. Kb1 {[%emt 0:00:19]} Rb2+ {[%emt 0:03:45]} 53. Ka1 {[%emt 0:00:26]} a4 {[%emt 0:01:36]} 54. Rc5 {[%emt 0:01:12]} a3 {[%emt 0:01:27]} 55. Rc4 {[%emt 0:02:10]} c2 {[%emt 0:01:45]} 56. Rg4+ {[%emt 0:00:11]} Kf5 {[%emt 0:01:30]} 57. Rg1 {[%emt 0:00:09]} b3 {[%emt 0:02:22]} 58. axb3 {[%emt 0:00:24]} Rxb3 {[%emt 0:00:00]} 59. Rc1 {[%emt 0:01:23]} Rb1+ {[%emt 0:01:09]} 60. Rxb1 {[%emt 0:00:30]} cxb1=Q+ {[%emt 0:00:00]} 61. Kxb1 {[%emt 0:00:16]} Kg4 {[%emt 0:00:14]} 62. Ka2 {[%emt 0:00:30]} f5 {[%emt 0:00:30]} 63. Kxa3 {[%emt 0:00:00]} f4 {[%emt 0:00:00]} 64. Kb3 {[%emt 0:00:00]} f3 {[%emt 0:00:00]} 65. Kc4 {[%emt 0:00:00]} f2 {[%emt 0:00:00]} 66. Kd4 {[%emt 0:02:33]} f1=Q {[%emt 0:00:15]} 0-1